Drugs, society and human behavior. / (Record no. 2030)
[ view plain ]
| 000 -LEADER | |
|---|---|
| fixed length control field | 01090nam a22001937a 4500 |
| 008 - FIXED-LENGTH DATA ELEMENTS--GENERAL INFORMATION | |
| fixed length control field | 120815t xxu||||| |||| 00| 0 eng d |
| 020 ## - INTERNATIONAL STANDARD BOOK NUMBER | |
| International Standard Book Number | 0072557435 |
| 050 ## - LIBRARY OF CONGRESS CALL NUMBER | |
| Classification number | RM316.R39 |
| 100 ## - MAIN ENTRY--PERSONAL NAME | |
| Personal name | Ray, Oakley |
| 245 ## - TITLE STATEMENT | |
| Title | Drugs, society and human behavior. / |
| Statement of responsibility, etc. | Oakley Ray and Charles Ksir |
| 250 ## - EDITION STATEMENT | |
| Edition statement | 10th ed. |
| 260 ## - PUBLICATION, DISTRIBUTION, ETC. | |
| Place of publication, distribution, etc. | Boston: |
| Name of publisher, distributor, etc. | McGraw Hill, |
| Date of publication, distribution, etc. | c2004. |
| 300 ## - PHYSICAL DESCRIPTION | |
| Extent | xviii, 494 p.: |
| Other physical details | ill.; |
| Dimensions | 23cm. |
| 500 ## - GENERAL NOTE | |
| General note | Includes index. |
| 505 ## - FORMATTED CONTENTS NOTE | |
| Formatted contents note | Contents: Drug use in modern society: Drug use: an overview -- Drug use as a social problem -- Addictions: theory and treatment -- Preventing substance abuse -- Drug regularitions -- How drugs work: The Nervous system -- The Actions of drugs -- Uppers and downers: Stimulants -- Depressants and inhalants -- Psychotherapeutic drugs -- Alcohol: Alcohol in the body -- Alcohol and society -- Familiar drugs: Tobacco -- Caffeine -- Over-the-counter drugs -- Restricted drugs: Opioids -- Hallucinogens -- Marijuana and hashish -- Steroids and other drugs in sport -- Appendixes. |
| 650 ## - SUBJECT ADDED ENTRY--TOPICAL TERM | |
| Topical term following geographic name entry element | Drug abuse. |
| 700 ## - ADDED ENTRY--PERSONAL NAME | |
| Personal name | Ksir, Charles |
| 942 ## - ADDED ENTRY ELEMENTS (KOHA) | |
| Source of classification or shelving scheme | Library of Congress Classification |
| Koha item type | Books |
| Withdrawn status | Lost status | Source of classification or shelving scheme | Damaged status | Not for loan | Home library | Current library | Shelving location | Date acquired | Total Checkouts | Full call number | Barcode | Date last seen | Copy number | Price effective from | Koha item type |
|---|---|---|---|---|---|---|---|---|---|---|---|---|---|---|---|
| Library of Congress Classification | WISCONSIN INTERNATIONAL UNIVERSITY COLLEGE, GHANA - MAIN LIBRARY | WISCONSIN INTERNATIONAL UNIVERSITY COLLEGE, GHANA - MAIN LIBRARY | General Stacks | 15/08/2012 | RM316.R39 | 6025/12 | 15/08/2012 | 1 | 15/08/2012 | Books | |||||
| Library of Congress Classification | WISCONSIN INTERNATIONAL UNIVERSITY COLLEGE, GHANA - MAIN LIBRARY | WISCONSIN INTERNATIONAL UNIVERSITY COLLEGE, GHANA - MAIN LIBRARY | General Stacks | 15/08/2012 | RM316.R391 | 6026/12 | 15/08/2012 | 2 | 15/08/2012 | Books | |||||
| Library of Congress Classification | WISCONSIN INTERNATIONAL UNIVERSITY COLLEGE, GHANA - MAIN LIBRARY | WISCONSIN INTERNATIONAL UNIVERSITY COLLEGE, GHANA - MAIN LIBRARY | General Stacks | 15/08/2012 | RM316.R392 | 6027/12 | 15/08/2012 | 3 | 15/08/2012 | Books |
